Statistics for Toronto Subway Stations by 2021

Click here to take the quiz!

General Stats

  • This quiz has been taken 94 times
  • The average score is 60 of 105

Answer Stats

Answer% Correct
Queen
89%
Union
89%
Bay
88%
Dundas
88%
Finch
88%
King
82%
Scarborough Town Centre
82%
St. George
82%
Eglinton-Yonge
79%
Kipling
79%
Sheppard West
79%
Spadina
79%
Bathurst
75%
College
75%
Islington
75%
Keele
75%
Kennedy
75%
Cedarvale
73%
Pape
73%
St Patrick
73%
Yorkdale
73%
Bloor-Yonge
71%
Museum
71%
St. Andrew
71%
St. Clair
71%
Vaughan Metropalitan Centre
71%
Jane
70%
Lawrence
70%
Osgoode
70%
Wilson
70%
Don Mills
68%
High Park
68%
Queen's Park
68%
Sheppard-Yonge
68%
Bayview
66%
Castle Frank
66%
Dufferin
66%
Ossington
66%
Woodbine
66%
Lawrence West
64%
North York Centre
64%
Warden
64%
York University
64%
Chester
63%
Christie
63%
Dundas West
63%
Old Mill
63%
Pioneer Village
63%
Rosedale
63%
Sherbourne
63%
Victoria Park
63%
York Mills
63%
Bessarion
61%
Leslie
61%
Main Street
61%
Royal York
61%
Wellesley
61%
Broadview
59%
Greenwood
59%
St. Clair West
59%
Coxwell
57%
Davisville
57%
Glencairn
57%
Highway 407 Transitway
57%
Runnymede
57%
Summerhill
57%
Finch West
55%
McCowan
55%
Midland
54%
Donlands
52%
Ellesmere
52%
Lawrence East
52%
Dupont
50%
Lansdowne
50%
Downsview Park
46%
Science Centre
32%
Birchmount
27%
Pharmacy
25%
Golden Mile
23%
Avenue
21%
Forest Hill
18%
Leaside
18%
Laird
16%
Caledonia
14%
Keelesdale
14%
Mt. Dennis
14%
Oakwood
14%
Aga Khan Park
13%
Hakimi Lebovic
13%
Ionview
13%
Mt. Pleasant
11%
O'Connor
11%
Sunnybrook Park
11%
Chaplin
9%
Fairbank
9%
Sloane
7%
Wynford
5%

Score Distribution

Percentile by Number Answered

Percent of People with Each Score

Your Score History

You have not taken this quiz